| 000 | 00499nam a2200193Ia 4500 | ||
|---|---|---|---|
| 003 | IIN | ||
| 005 | 20250502125051.0 | ||
| 008 | 231217s2024 xx ac 001 0 eng d | ||
| 020 |
_cRs.275.00 _a9789374735794 |
||
| 040 |
_aIIN _bEnglish |
||
| 082 |
_a610.7307 _bSAR |
||
| 100 | 1 | _aSaran, Kulvinder Johal | |
| 245 | 1 |
_aNursing Education/ _cKulvinder Johal Saran |
|
| 260 |
_aDelhi _bAITBS _c2016 |
||
| 300 | _axii, 231 p. | ||
| 500 | _aIncludes Index | ||
| 650 | 1 |
_aEducation _vNursing |
|
| 942 | _cBOOK | ||
| 999 |
_c589 _d589 |
||